| 000 | 00597nam a2200181 i 4500 | ||
|---|---|---|---|
| 001 | 40857 | ||
| 003 | ES-MaACL | ||
| 005 | 20230906160326.0 | ||
| 007 | t| | ||
| 008 | 030307s1917 it ||||1| ita d | ||
| 100 | 1 |
_aCaporali, Dante. _934881 |
|
| 245 | 1 | 0 |
_aIstituzioni di diritto commerciale : _baduso delle scuole medie di studii applicati al ammercio / _cDante Caporali. |
| 250 | _aEdizione economica con aggiunte. | ||
| 260 |
_aMilano ; _aTorino : _bFratelli Bocca, _c1917. |
||
| 300 |
_aXII, 311 p. ; _c25 cm. |
||
| 650 |
_aDerecho mercantil- _zItalia. _911740 |
||
| 852 |
_aES-MaACL _jG-4932 |
||
| 999 |
_c40857 _d40857 |
||